Score 0/210 Timer 08:00
0 Plays Today
Year/Team % Correct
1994 - Arkansas(3) Michigan
95.4%
1993 - North Carolina(1) Michigan
95.4%
1992 - Duke(6) Michigan
95.4%
1985 - Villanova(1) Michigan
95.4%
2004 - Connecticut(1) Duke
95.1%
1999 - Connecticut(1) Duke
95.1%
1998 - Kentucky(1) Duke
95.1%
1994 - Arkansas(2) Duke
95.1%
1990 - UNLV(3) Duke
95.1%
1988 - Kansas(2) Duke
95.1%
1987 - Indiana(5) Duke
95.1%
1986 - Louisville(1) Duke
95.1%
2008 - Kansas(1) North Carolina
95%
1997 - Arizona(1) North Carolina
95%
1989 - Michigan(2) North Carolina
95%
1986 - Louisville(3) North Carolina
95%
1985 - Villanova(2) North Carolina
95%
2003 - Syracuse(2) Kansas
94.1%
2002 - Maryland(1) Kansas
94.1%
1997 - Arizona(1) Kansas
94.1%
1993 - North Carolina(2) Kansas
94.1%
1991 - Duke(3) Kansas
94.1%
2016 - Villanova(1) North Carolina
94%
2013-Louisville(4) Michigan
93.7%
2013-Louisville(2) Duke
93.5%
2012 - Kentucky(2) Kansas
93.1%
2009 - North Carolina(2) Michigan State
92.7%
2005 - North Carolina(5) Michigan State
92.6%
2014 - Connecticut(8) Kentucky
92.6%
2018 - Villanova(3) Michigan
92.3%
2000 - Michigan State(5) Florida
92.2%
2002 - Maryland(4) Kentucky
92.1%
1997 - Arizona(1) Kentucky
92.1%
1992 - Duke(2) Kentucky
92.1%
2016 - Villanova(1) Kansas
91%
2017 - North Carolina(2) Kentucky
90.7%
2007 - Florida(2) UCLA
90.5%
2006 - Florida(2) UCLA
90.5%
2001 - Duke(4) UCLA
90.5%
1998 - Kentucky(6) UCLA
90.5%
2014 - Connecticut(4) Michigan State
89.8%
2018 - Villanova(1) Kansas
89.5%
2014 - Connecticut(1) Florida
89.5%
2015 - Duke(7) Michigan State
88.7%
2002 - Maryland(5) Indiana
87.7%
1992 - Duke(2) Indiana
87.7%
2000 - Michigan State(4) Syracuse
87%
1996 - Kentucky(4) Syracuse
87%
1987 - Indiana(2) Syracuse
87%
2001 - Duke(2) Arizona
86%
1994 - Arkansas(2) Arizona
86%
2012 - Kentucky(4) Indiana
85.9%
2002 - Maryland(2) Connecticut
84.6%
1995 - UCLA(2) Connecticut
84.6%
1991 - Duke(11) Connecticut
84.6%
2003 - Syracuse(1) Texas
83.5%
2012 - Kentucky(4) Louisville
82.8%
2007 - Florida(1) Ohio State
82.5%
1999 - Connecticut(4) Ohio State
82.5%
1990 - UNLV(8) Ohio State
82.5%
2019 - Virginia(3) Texas Tech
81.3%
2008 - Kansas(12) Villanova
79.9%
2009 - North Carolina(3) Villanova
79.9%
2006 - Florida(1) Villanova
79.9%
2005 - North Carolina(5) Villanova
79.9%
2008 - Kansas(8) UNLV
79.8%
1991 - Duke(1) UNLV
79.8%
1987 - Indiana(1) UNLV
79.8%
2014 - Connecticut(2) Villanova
79.1%
2001 - Duke(3) Maryland
78.1%
Year/Team % Correct
1985 - Villanova(5) Maryland
78.1%
2007 - Florida(5) Butler
77.9%
1995 - UCLA(2) Arkansas
76.7%
1993 - North Carolina(4) Arkansas
76.7%
2015 - Duke(1) Wisconsin
75.8%
2017 - North Carolina(3) Oregon
75.4%
2019 - Virginia(12) Oregon
74.8%
2009 - North Carolina(2) Oklahoma
74.5%
2003 - Syracuse(1) Oklahoma
74.5%
1988 - Kansas(1) Oklahoma
74.5%
2010 - Duke(5) Butler
74.2%
2016 - Villanova(2) Oklahoma
74%
2017 - North Carolina(8) Arkansas
73.4%
2005 - North Carolina(1) Illinois
73.3%
1989 - Michigan(1) Illinois
73.3%
2017 - North Carolina(1) Gonzaga
72.9%
2006 - Florida(7) Georgetown
72.9%
1994 - Arkansas(9) Georgetown
72.9%
1985 - Villanova(1) Georgetown
72.9%
2013-Louisville(12) Oregon
72.7%
2019 - Virginia(9) Oklahoma
72.6%
2018 - Villanova(3) Texas Tech
71.8%
2005 - North Carolina(6) Wisconsin
71.2%
2002 - Maryland(8) Wisconsin
71.2%
2000 - Michigan State(8) Wisconsin
71.2%
2011 - Connecticut(4) Kentucky
70.3%
2007 - Florida(3) Oregon
69.6%
2001 - Duke(6) USC
69.3%
2019 - Virginia(5) Auburn
67.8%
2017 - North Carolina(4) Butler
66.7%
1988 - Kansas(4) Kansas State
66.1%
2008 - Kansas(1) Memphis
65.6%
1985 - Villanova(2) Memphis
65.6%
2019 - Virginia(3) Purdue
65.6%
2004 - Connecticut(3) Georgia Tech
65.3%
1990 - UNLV(4) Georgia Tech
65.3%
2015 - Duke(2) Gonzaga
65.1%
2011 - Connecticut(5) Arizona
65.1%
1999 - Connecticut(5) Iowa
65%
1992 - Duke(9) Iowa
65%
1991 - Duke(7) Iowa
65%
2016 - Villanova(7) Iowa
64.8%
2009 - North Carolina(8) LSU
64.4%
1987 - Indiana(10) LSU
64.4%
1986 - Louisville(11) LSU
64.4%
1995 - UCLA(4) Oklahoma State
64.3%
2003 - Syracuse(6) Oklahoma State
64.2%
2004 - Connecticut(8) Alabama
64.1%
2018 - Villanova(9) Alabama
63.7%
1989 - Michigan(5) Virginia
63.5%
2016 - Villanova(3) Miami FL
61.5%
2009 - North Carolina(4) Gonzaga
59.3%
1999 - Connecticut(10) Gonzaga
59.3%
2014 - Connecticut(3) Iowa State
59.2%
2000 - Michigan State(8) Utah
59.1%
1998 - Kentucky(3) Utah
59.1%
1996 - Kentucky(4) Utah
59.1%
2012 - Kentucky(8) Iowa State
58.6%
2011 - Connecticut(8) Butler
58.4%
2015 - Duke(5) Utah
57.7%
2007 - Florida(9) Purdue
55.7%
1998 - Kentucky(3) Stanford
55.4%
2001 - Duke(9) Missouri
54.5%
1995 - UCLA(8) Missouri
54.5%
2012 - Kentucky(3) Baylor
53.5%
2005 - North Carolina(9) Iowa State
53.5%
2000 - Michigan State(2) Iowa State
53.5%
2010 - Duke(8) California
53.4%
2010 - Duke(2) West Virginia
52.2%
2010 - Duke(4) Purdue
51.7%
Year/Team % Correct
2018 - Villanova(5) West Virginia
51%
1996 - Kentucky(2) Wake Forest
50.9%
2010 - Duke(3) Baylor
48.8%
2013-Louisville(9) Wichita St.
48.3%
1991 - Duke(4) St. John's
48%
2006 - Florida(11) George Mason
47.5%
1996 - Kentucky(9) Virginia Tech
46.6%
1993 - North Carolina(2) Cincinnati
43.1%
1995 - UCLA(5) Mississippi State
42.1%
1999 - Connecticut(9) New Mexico
42.1%
2003 - Syracuse(10) Auburn
42.1%
1987 - Indiana(8) Auburn
42.1%
1986 - Louisville(8) Auburn
42.1%
1989 - Michigan(14) Xavier
38.3%
1988 - Kansas(11) Xavier
38.3%
2004 - Connecticut(6) Vanderbilt
38.3%
1988 - Kansas(7) Vanderbilt
38.3%
1996 - Kentucky(1) Massachusetts
37.3%
1992 - Duke(4) Seton Hall
37.3%
1989 - Michigan(3) Seton Hall
37.3%
2013-Louisville(8) Colorado St.
36.6%
2015 - Duke(8) San Diego State
33.8%
2011 - Connecticut(6) Cincinnati
32.9%
1997 - Arizona(10) Providence
29.9%
2004 - Connecticut(7) DePaul
27.7%
2011 - Connecticut(2) San Diego State
26.8%
2012 - Kentucky(16) Western Kentucky
26.4%
2008 - Kansas(10) Davidson
24.7%
2014 - Connecticut(10) St. Josephs
23.9%
2004 - Connecticut(15) Vermont
23.2%
1985 - Villanova(9) Dayton
21.7%
1993 - North Carolina(8) Rhode Island
19.3%
2019 - Virginia(16) Gardner-Webb
19%
1994 - Arkansas(12) Tulsa
17.2%
1998 - Kentucky(10) St. Louis
15.5%
1988 - Kansas(14) Murray State
14.2%
2017 - North Carolina(16) Texas Southern
12.2%
2018 - Villanova(16) Radford
11.4%
2000 - Michigan State(16) Valparaiso
11.3%
2016 - Villanova(15) UNC Asheville
11%
1986 - Louisville(7) Bradley
10.8%
2011 - Connecticut(14) Bucknell
10.4%
2005 - North Carolina(16) Oakland
10.3%
1990 - UNLV(12) Ball State
9.3%
2002 - Maryland(16) Siena
8.9%
2015 - Duke(16) Robert Morris
8.8%
2006 - Florida(11) Wisconsin-Milwaukee
8.7%
1986 - Louisville(15) Drexel
8.5%
1990 - UNLV(11) Loyola Marymount
8.5%
2003 - Syracuse(14) Manhattan
7.2%
1993 - North Carolina(16) East Carolina
6.5%
1996 - Kentucky(16) San Jose State
6.3%
2013-Louisville(16) North Carolina A&T
5.7%
1997 - Arizona(12) College of Charleston
5.5%
2008 - Kansas(16) Portland State
5.2%
1999 - Connecticut(16) Texas-San Antonio
5.2%
2010 - Duke(16) Arkansas-Pine Bluff
4.9%
1998 - Kentucky(15) South Carolina St.
4.8%
2009 - North Carolina(16) Radford
4.8%
1995 - UCLA(16) Florida International
4.8%
2007 - Florida(16) Jackson State
4.7%
1990 - UNLV(16) Arkansas-Little Rock
4.7%
2006 - Florida(14) South Alabama
4.3%
1997 - Arizona(13) South Alabama
4.3%
1989 - Michigan(11) South Alabama
4.3%
1994 - Arkansas(16) North Carolina A&T
4.1%
2001 - Duke(16) Monmouth
3.8%
1987 - Indiana(16) Fairfield
3.5%
1991 - Duke(15) Louisiana-Monroe
3.2%
1992 - Duke(16) Campbell
2.4%
Remove Ads.
Support Sporcle.
Get the best of Sporcle when you Go Orange. This ad-free experience offers more features, more stats, and more fun while also helping to support Sporcle. Thank you for becoming a member.

You're not logged in!

Compare scores with friends on all Sporcle quizzes.
OR
Log In

Sporcle TV

Today on Sporcle TV


Watch our educational content, quiz creation guides, and fun videos on Sporcle TV.

Show Comments

Extras

Top Quizzes Today


Score Distribution

Paid Content

Your Account Isn't Verified!

In order to create a playlist on Sporcle, you need to verify the email address you used during registration. Go to your Sporcle Settings to finish the process.

Report this User

Report this user for behavior that violates our Community Guidelines.

Details: